Countries of the world in 1850 - Statistics

General Stats
  • This quiz has been taken 207 times
  • The average score is 54 of 164
Answer Stats
Country % Correct
United Kingdom
95%
Russia
93%
Austria
92%
United States
92%
Ottoman Empire
91%
China
90%
Japan
90%
Spain
90%
Sweden
90%
France
89%
Portugal
89%
Denmark
88%
Brazil
86%
Norway
86%
Mexico
85%
Argentina
84%
Netherlands
83%
Belgium
81%
Chile
81%
Prussia
79%
Andorra
77%
Paraguay
77%
Peru
77%
Ethiopia
76%
Korea
76%
Luxembourg
76%
Siam
76%
Venezuela
76%
Greece
75%
Ecuador
74%
Honduras
72%
Persia
71%
Uruguay
71%
Bolivia
70%
Costa Rica
68%
El Salvador
68%
Switzerland
68%
Guatemala
67%
Haiti
67%
Monaco
65%
Nicaragua
65%
Serbia
63%
Liechtenstein
62%
Bavaria
61%
San Marino
60%
Annam
59%
Two Sicilies
59%
Dominican Rep
57%
Afghanistan
55%
Liberia
55%
Nepal
54%
Papal States
54%
Bhutan
52%
Morocco
50%
Burma
46%
Kongo
46%
Sardinia
46%
Cambodia
45%
Montenegro
43%
Saxony
41%
Tuscany
38%
Hamburg
35%
Samoa
35%
Baden
34%
Bambara
34%
Brunei
30%
Hesse-Homburg
30%
Hesse-Darmstadt
29%
Hesse-Kassel
29%
Tonga
29%
Hawaii
27%
Bremen
26%
Fiji
26%
Moldavia
26%
Benin
25%
Holstein
22%
Maldives
21%
Baguirmi
20%
Hanover
20%
Nassau
20%
Basutoland
19%
Frankfurt
19%
Rwanda
19%
Modena
17%
Parma
17%
Saxe-Coburg
17%
Buganda
16%
Burundi
16%
Saxe-Altenburg
16%
Saxe-Meningen
16%
Saxe-Weimar
16%
Togo
16%
Anhalt-Bernburg
15%
Lubeck
15%
Mecklenburg
15%
Oldenburg
15%
Schleswig
15%
Kong
14%
Wurttemburg
13%
Brunswick
12%
Lippe
12%
Schaumburg
12%
Zululand
12%
Sikkim
11%
Sokoto
10%
Dahomey
8%
Sarawak
8%
Tahiti
8%
Bukhara
6%
Kokland
6%
Rapa Nui
6%
Waldeck-Pyrmont
6%
Hail
5%
Johor
5%
Khiva
5%
Mindanao
5%
Oyo
5%
Rudolstadt
5%
Ryukyus
5%
Sondershausen
5%
Bornu
4%
Jolof
4%
Luba
4%
New Grenada
4%
Aro
3%
Ashanti Union
3%
Futa Jallon
3%
Futa Toro
3%
Gera
3%
Limburg
3%
Massina
3%
Perak
3%
Sulu
3%
Ankole
2%
Anziku
2%
Baol
2%
Bora Bora
2%
Cayor
2%
Garo
2%
Goma
2%
Gumma
2%
Ionian Islands
2%
Lunda
2%
Ouaddai
2%
Pahang
2%
Selangor
2%
Anhalt-Dessau
1%
Bunyoro
1%
Hechingen
1%
Huahine
1%
Janjero
1%
Jimma
1%
Kaabu
1%
Kaffa
1%
Kenedougou
1%
Khasso
1%
Koya Temne
1%
Limmu-Ennaria
1%
Loango
1%
Manipur
1%
Menton
1%
Toucouleur
1%
Welayta
1%
Raiatia
0%
No matching quizzes found
Score Distribution
Percent of People with Each Score
Percentile by Number Answered
Your Score History
You have not taken this quiz